Normal view
MARC view
Entry Topical Term
001 - CONTROL NUMBER
- control field: 89906
003 - CONTROL NUMBER IDENTIFIER
- control field: BI-BuBU
005 - DATE AND TIME OF LATEST TRANSACTION
- control field: 20140416155502.0
008 - FIXED-LENGTH DATA ELEMENTS
- fixed length control field: 140416|||a|||||| | ||| d
040 ## - CATALOGING SOURCE
- Original cataloging agency: BI-BuBU
- Transcribing agency: BI-BuBU
150 ## - HEADING--TOPICAL TERM
- Topical term or geographic name as entry element: Personnalité
- General subdivision: Conception
670 ## - SOURCE DATA FOUND
- Source citation: Work cat.: (BI-BuBU): aut Huteau, Michel 89903, Les conceptions cognitives de la personnalité, 1985
670 ## - SOURCE DATA FOUND
- Source citation: Work cat.: (BI-BuBU): aut Huteau, Michel 89903, Les conceptions cognitives de la personnalité, 1985